| 000 | 00645nam a2200241Ia 4500 | ||
|---|---|---|---|
| 001 | 65919 | ||
| 003 | 138729 | ||
| 005 | 20241207063144.0 | ||
| 008 | ||||||n9999 ||| || || | ||
| 041 | _aspa | ||
| 110 |
_aMinisterio de Desarrollo Económico _96207 |
||
| 245 | 0 | _aAgua potable y saneamiento basico | |
| 260 |
_aBogotá : _bMIDEC, _c1998. |
||
| 300 | _a28p | ||
| 562 | _e1 | ||
| 650 | 0 |
_aAgua potable _97552 |
|
| 650 |
_aCOLOMBIA _990053 |
||
| 650 |
_aDOCUMENTO OFICIAL _98293 |
||
| 650 | 0 |
_aPlanes de desarrollo _96591 |
|
| 650 |
_aPRESTACIÓN DEL SERVICIO _912574 |
||
| 650 |
_aSERVICIOS PÚBLICOS _990054 |
||
| 942 | _cDO-GO | ||
| 999 |
_c65919 _d65919 |
||